[Event "Stuttgarter Stadtmeisterschaft 2010 A"]
[Site "Ditzingen"]
[Date "2010.05.13"]
[Round "1.59"]
[White "Seyfried, Claus"]
[Black "Baskin, Robert"]
[Result "1-0"]
[WhiteElo "2067"]
[BlackElo "1828"]
[PlyCount "41"]
[EventDate "2010.??.??"]

1. e4 e6 2. d4 d5 3. Nd2 c5 4. Ngf3 cxd4 5. Nxd4 Nc6 6. Nxc6 bxc6 7. Bd3 Bd6 8.
O-O Ne7 9. Qh5 Ng6 10. Nf3 Qc7 11. Re1 O-O 12. e5 Be7 13. Ng5 Bxg5 14. Bxg5 d4
15. Re4 h6 16. Bxh6 gxh6 17. Rg4 Bb7 18. Bxg6 fxg6 19. Rxg6+ Kh8 20. Rxh6+ Kg8
21. Rh8+ 1-0

[Event "Stuttgarter Stadtmeisterschaft 2010 A"]
[Site "Ditzingen"]
[Date "2010.05.13"]
[Round "1.60"]
[White "Naundorf, Jo-Jan"]
[Black "Häcker, Sonja"]
[Result "0-1"]
[WhiteElo "1809"]
[BlackElo "2064"]
[PlyCount "122"]
[EventDate "2010.??.??"]

1. e4 c5 2. Nf3 Nc6 3. d4 cxd4 4. Nxd4 Nf6 5. Nc3 d6 6. Be3 Ng4 7. Bg5 h6 8.
Bh4 g5 9. Bg3 Bg7 10. Bb5 Qb6 11. Nf5 Bxf5 12. exf5 Nf6 13. O-O O-O 14. Re1 Nd4
15. Qd3 Nxb5 16. Qxb5 Qc7 17. Re2 a6 18. Qb3 Rfe8 19. Rae1 Rac8 20. Nd5 Nxd5
21. Qxd5 Qd7 22. b3 Bf6 23. c4 Rc5 24. Qe4 Rec8 25. h4 Rxf5 26. Qg4 Rc7 27. f4
Rfc5 28. Qxd7 Rxd7 29. fxg5 hxg5 30. Re4 gxh4 31. Bxh4 Bxh4 32. Rxh4 Kg7 33.
Rg4+ Kf6 34. Rf4+ Rf5 35. Rfe4 b5 36. cxb5 axb5 37. a4 bxa4 38. bxa4 Ra5 39.
Rf1+ Kg7 40. Ra1 d5 41. Rb4 d4 42. Kf2 e5 43. Kf3 Kf6 44. Ke4 Ke6 45. g4 f6 46.
Rb6+ Rd6 47. Rxd6+ Kxd6 48. Kf5 Ke7 49. Ke4 Kd6 50. Kf5 Ke7 51. Ke4 Ke6 52. Ra3
Ra6 53. a5 Kd6 54. Kf5 Kd5 55. Ra2 d3 56. g5 fxg5 57. Kxg5 Kd4 58. Kg4 Ke3 59.
Kg3 d2 60. Ra1 Ke2 61. Ra2 Ke1 0-1

[Event "Stuttgarter Stadtmeisterschaft 2010 A"]
[Site "Ditzingen"]
[Date "2010.05.13"]
[Round "1.61"]
[White "Petermann, Michail"]
[Black "Rempeli, Alex"]
[Result "1-0"]
[WhiteElo "2060"]
[BlackElo "1807"]
[PlyCount "69"]
[EventDate "2010.??.??"]

1. e4 e6 2. d4 d5 3. Nd2 Nf6 4. Bd3 c5 5. e5 Nfd7 6. c3 Nc6 7. Ngf3 cxd4 8.
cxd4 Qb6 9. O-O Nxd4 10. Nxd4 Qxd4 11. Nf3 Qb6 12. Qa4 Be7 13. Qg4 Kf8 14. Bg5
Qd8 15. Qf4 Nc5 16. Bc2 a5 17. a3 a4 18. Rac1 b6 19. Rfd1 Kg8 20. h4 Bd7 21.
Nd4 h6 22. Bxe7 Qxe7 23. Bb1 Rf8 24. Rc3 f6 25. Rg3 fxe5 26. Qxe5 Qf6 27. Nf3
Be8 28. Rd4 Nd7 29. Qd6 e5 30. Qxf6 Rxf6 31. Rxd5 Rf4 32. Nxe5 Nxe5 33. Rxe5
Kf8 34. Rge3 Bd7 35. Bg6 1-0

[Event "Stuttgarter Stadtmeisterschaft 2010 A"]
[Site "Ditzingen"]
[Date "2010.05.13"]
[Round "1.62"]
[White "Steinhart, Matthias"]
[Black "Braun, Georg"]
[Result "0-1"]
[WhiteElo "1834"]
[BlackElo "2074"]
[PlyCount "72"]
[EventDate "2010.??.??"]

1. e4 c5 2. Nf3 d6 3. d4 cxd4 4. Nxd4 Nf6 5. Nc3 g6 6. Be3 Bg7 7. f3 Nc6 8. Qd2
O-O 9. O-O-O d5 10. Kb1 Rb8 11. Qe1 e5 12. Nxc6 bxc6 13. Bxa7 Ra8 14. Bf2 Be6
15. Bc4 Qa5 16. Bb3 d4 17. Na4 Qb5 18. Qf1 Rxa4 19. Qxb5 cxb5 20. Bxa4 bxa4 21.
a3 Rb8 22. Be1 Bf8 23. Ka1 Bc4 24. Bg3 Rb5 25. f4 Nxe4 26. fxe5 Nxg3 27. hxg3
Bc5 28. Rh6 Be2 29. Rdh1 Bh5 30. g4 Bxg4 31. Rxh7 Bh5 32. R1xh5 gxh5 33. Rxh5
Bd6 34. Rh6 Bxe5 35. Ra6 d3 36. c3 Rd5 0-1

[Event "Stuttgarter Stadtmeisterschaft 2010 A"]
[Site "Ditzingen"]
[Date "2010.05.13"]
[Round "2.1"]
[White "Montigel, Philipp"]
[Black "Solodovnichenko, Yuri"]
[Result "0-1"]
[WhiteElo "2162"]
[BlackElo "2578"]
[PlyCount "80"]
[EventDate "2010.??.??"]

1. f4 g6 2. Nf3 Bg7 3. g3 d6 4. Bg2 e5 5. e4 Nc6 6. Nc3 Nge7 7. d3 O-O 8. O-O
h6 9. Be3 Nd4 10. Qd2 Bg4 11. fxe5 dxe5 12. Rf2 Kh7 13. Raf1 Be6 14. h4 Qd7 15.
Kh2 Rad8 16. a3 c5 17. Ng1 c4 18. dxc4 Bxc4 19. Rd1 Qc7 20. Qe1 f5 21. Rfd2 Ng8
22. Nge2 Nf6 23. Nxd4 exd4 24. Bxd4 f4 25. Bxf6 Rxd2 26. Rxd2 Bxf6 27. Nd5 Bxd5
28. Rxd5 Be5 29. Qd1 fxg3+ 30. Kh1 Kh8 31. Rd7 Qb6 32. b3 h5 33. Qd2 Rf4 34.
Rd8+ Kh7 35. Rd7+ Kh8 36. Rd8+ Kg7 37. Rd7+ Kf6 38. Bh3 Rxh4 39. Rf7+ Kxf7 40.
Qd5+ Kf6 0-1

[Event "Stuttgarter Stadtmeisterschaft 2010 A"]
[Site "Ditzingen"]
[Date "2010.05.13"]
[Round "2.2"]
[White "Reck, Moritz"]
[Black "Ikonnikov, Viacheslav"]
[Result "0-1"]
[WhiteElo "2158"]
[BlackElo "2558"]
[PlyCount "102"]
[EventDate "2010.??.??"]

1. g3 e5 2. Bg2 c6 3. d3 d5 4. Nc3 Bg4 5. h3 Bh5 6. Nf3 Nd7 7. O-O Bd6 8. e4 d4
9. Ne2 Bxf3 10. Bxf3 h5 11. c3 dxc3 12. bxc3 h4 13. Bg2 hxg3 14. fxg3 Qb6+ 15.
d4 Ngf6 16. Bg5 Qc7 17. Qb3 O-O 18. Rab1 b6 19. Rf5 c5 20. Kh1 Nh7 21. Be3 Rac8
22. Rbf1 Ndf6 23. d5 c4 24. Qc2 Rb8 25. g4 b5 26. Ng3 a5 27. Qc1 Ne8 28. Rh5 g6
29. Rh6 Bc5 30. h4 Bxe3 31. Qxe3 Qb6 32. Qc1 Nef6 33. Bh3 Kh8 34. Rxf6 Qxf6 35.
Nf5 Rfe8 36. h5 Kg8 37. hxg6 fxg6 38. Nh4 Nf8 39. g5 Qf4 40. Be6+ Kg7 41. Qg1
Rb7 42. Qg2 Rxe6 43. dxe6 Re7 44. Qh3 Qxg5 45. Nxg6 Nxg6 46. Rh7+ Kf6 47. Rh5
Nf4 48. Rh6+ Kg7 49. Rh7+ Kg6 50. Qf5+ Qxf5 51. exf5+ Kxh7 0-1

[Event "Stuttgarter Stadtmeisterschaft 2010 A"]
[Site "Ditzingen"]
[Date "2010.05.13"]
[Round "2.3"]
[White "Teske, Henrik"]
[Black "Arounopoulos, Stephan"]
[Result "1-0"]
[WhiteElo "2553"]
[BlackElo "2141"]
[PlyCount "77"]
[EventDate "2010.??.??"]

1. Nf3 Nf6 2. c4 g6 3. g3 Bg7 4. Bg2 d6 5. d4 O-O 6. O-O Nbd7 7. Nc3 e5 8. e4
exd4 9. Nxd4 a6 10. Bf4 Nh5 11. Be3 Ne5 12. b3 Ng4 13. Bc1 c5 14. Nde2 Rb8 15.
a4 Re8 16. Ra2 Qa5 17. Qxd6 Be6 18. Nd5 Bxd5 19. Bd2 Qd8 20. Qxd8 Rbxd8 21.
cxd5 f5 22. Bg5 Bf6 23. Bxf6 Ngxf6 24. exf5 Nxd5 25. fxg6 hxg6 26. Rd1 Nb4 27.
Rad2 Rxd2 28. Rxd2 b6 29. Bf1 Kf7 30. Nc3 Re1 31. Rd7+ Kf6 32. Rb7 Re6 33. Bc4
Rc6 34. f4 Kf5 35. Kg2 Rd6 36. Kf3 Nf6 37. Ne4 Nxe4 38. g4+ Kf6 39. Rf7# 1-0

[Event "Stuttgarter Stadtmeisterschaft 2010 A"]
[Site "Ditzingen"]
[Date "2010.05.13"]
[Round "2.5"]
[White "Schmittdiel, Eckhard"]
[Black "Kerpe, Andreas"]
[Result "1/2-1/2"]
[WhiteElo "2473"]
[BlackElo "2128"]
[PlyCount "95"]
[EventDate "2010.??.??"]

1. Nf3 f5 2. c4 Nf6 3. g3 g6 4. Bg2 Bg7 5. Nc3 d6 6. O-O O-O 7. b4 e5 8. Bb2
Nc6 9. b5 Ne7 10. d3 h6 11. c5 Be6 12. Qc2 g5 13. e3 Qe8 14. cxd6 cxd6 15. Ba3
Rd8 16. Rac1 Rd7 17. b6 a6 18. Nd2 Qf7 19. Nc4 Ne8 20. Na5 f4 21. Rfe1 Qh5 22.
exf4 gxf4 23. d4 Bh3 24. Nd5 Bxg2 25. Nxe7+ Rxe7 26. Kxg2 fxg3 27. Qb3+ Kh8 28.
hxg3 Ref7 29. Rc2 exd4 30. Bb4 Rf3 31. Qe6 d3 32. Rd2 Qb5 33. a3 Qxb6 34. Re3
R3f5 35. Rdxd3 Rxf2+ 36. Kh3 R2f5 37. Qd7 Rh5+ 38. Kg2 Re5 39. Nc4 Rxe3 40.
Nxe3 Nf6 41. Qxd6 Qxd6 42. Rxd6 Ne4 43. Re6 Ng5 44. Re7 Rf7 45. Re8+ Kh7 46.
Nd5 Bd4 47. Nf4 Rd7 48. a4 1/2-1/2

[Event "Stuttgarter Stadtmeisterschaft 2010 A"]
[Site "Ditzingen"]
[Date "2010.05.13"]
[Round "2.6"]
[White "Bärner, Helmut"]
[Black "Gutman, Lev"]
[Result "0-1"]
[WhiteElo "2126"]
[BlackElo "2454"]
[PlyCount "82"]
[EventDate "2010.??.??"]

1. d4 Nf6 2. Nf3 g6 3. Bf4 Bg7 4. Nc3 O-O 5. Qd2 c5 6. dxc5 Na6 7. Bh6 Nxc5 8.
Bxg7 Kxg7 9. e3 d6 10. Be2 Qb6 11. Rb1 Be6 12. O-O Nce4 13. Qd4 Qxd4 14. exd4
Nxc3 15. bxc3 b6 16. c4 Rac8 17. d5 Bg4 18. Bd3 Bxf3 19. gxf3 Nd7 20. f4 e5 21.
f5 Nf6 22. fxg6 hxg6 23. f3 Rc5 24. Rb3 Ra5 25. Ra1 Nd7 26. Rb5 Ra4 27. a3 Nc5
28. Rb4 f5 29. Rxa4 Nxa4 30. Rb1 e4 31. fxe4 fxe4 32. Bf1 Kf6 33. Rb3 Ke5 34.
Rh3 Kd4 35. Rh7 a5 36. Re7 Nc5 37. Rc7 Rf6 38. Rc6 Nd7 39. a4 e3 40. h3 Kc3 41.
c5 bxc5 0-1

[Event "Stuttgarter Stadtmeisterschaft 2010 A"]
[Site "Ditzingen"]
[Date "2010.05.13"]
[Round "2.7"]
[White "Zeller, Frank"]
[Black "Muth, Roland"]
[Result "1-0"]
[WhiteElo "2420"]
[BlackElo "2125"]
[PlyCount "43"]
[EventDate "2010.??.??"]

1. e4 c5 2. Nf3 g6 3. d4 cxd4 4. Nxd4 Nc6 5. Nb3 Bg7 6. c4 Nf6 7. Nc3 d6 8. Be2
O-O 9. O-O a6 10. Be3 Qc7 11. Rc1 b6 12. Nd5 Qb7 13. Nxb6 Rb8 14. f3 Nd7 15.
Nd5 e6 16. Nc3 Nb4 17. Nd4 Ne5 18. a3 Nbc6 19. b4 Rd8 20. Nb3 Nd7 21. b5 Nce5
22. f4 1-0

[Event "Stuttgarter Stadtmeisterschaft 2010 A"]
[Site "Ditzingen"]
[Date "2010.05.13"]
[Round "2.8"]
[White "Bräuner, Uwe"]
[Black "Donchenko, Anatoly"]
[Result "1/2-1/2"]
[WhiteElo "2122"]
[BlackElo "2395"]
[PlyCount "29"]
[EventDate "2010.??.??"]

1. d4 d5 2. Nf3 Nf6 3. c4 dxc4 4. e3 e6 5. Bxc4 c5 6. O-O a6 7. a4 Nc6 8. Nc3
Qc7 9. Qe2 Bd6 10. h3 O-O 11. Rd1 b6 12. d5 exd5 13. Nxd5 Nxd5 14. Bxd5 Bb7 15.
b3 1/2-1/2

[Event "Stuttgarter Stadtmeisterschaft 2010 A"]
[Site "Ditzingen"]
[Date "2010.05.13"]
[Round "2.9"]
[White "Berend, Fred"]
[Black "Melzner, Lukas"]
[Result "0-1"]
[WhiteElo "2389"]
[BlackElo "2122"]
[PlyCount "68"]
[EventDate "2010.??.??"]

1. d4 e6 2. c4 Nf6 3. Nf3 b6 4. Nc3 Bb7 5. Bg5 Bb4 6. Nd2 h6 7. Bh4 c5 8. d5
exd5 9. cxd5 O-O 10. e4 Re8 11. Qc2 Nxe4 12. Bxd8 Nxc3+ 13. Be2 Rxe2+ 14. Kf1
Ba6 15. Kg1 Rxd2 16. Qxd2 Ne2+ 17. Qxe2 Bxe2 18. Bc7 Na6 19. Bf4 c4 20. a3 Ba5
21. h4 Nc5 22. Be3 Nb3 23. Rb1 Re8 24. Rh3 Re5 25. Rg3 Kh7 26. d6 Re4 27. Rh3
f5 28. f4 Re6 29. Kf2 Bg4 30. Rhh1 Rxd6 31. h5 Rd3 32. Rbf1 d5 33. Bc1 Nc5 34.
Rhg1 Ne4# 0-1

[Event "Stuttgarter Stadtmeisterschaft 2010 A"]
[Site "Ditzingen"]
[Date "2010.05.13"]
[Round "2.10"]
[White "Pogan, Nikolas"]
[Black "Strunski, Andreas"]
[Result "1/2-1/2"]
[WhiteElo "2119"]
[BlackElo "2378"]
[PlyCount "76"]
[EventDate "2010.??.??"]

1. d4 Nf6 2. c4 g6 3. g3 c6 4. Bg2 d5 5. cxd5 cxd5 6. Nc3 Bg7 7. Nf3 O-O 8. O-O
Ne4 9. Bf4 Nxc3 10. bxc3 Nc6 11. Re1 Bf5 12. Nh4 Be6 13. Qc1 Rc8 14. Bh6 Qd6
15. Bxg7 Kxg7 16. Nf3 Na5 17. Nd2 Nc4 18. Rb1 b6 19. Nxc4 Rxc4 20. Rb3 Rfc8 21.
Qb2 Bd7 22. e4 dxe4 23. Bxe4 Qf6 24. Bd5 Ra4 25. Ra3 e6 26. Rxa4 Bxa4 27. Bb3
Bc6 28. c4 Rd8 29. Re5 h5 30. h4 Ba8 31. f4 Kg8 32. Qf2 Rc8 33. Qe3 Bb7 34. d5
exd5 35. cxd5 Kh7 36. Kf2 Qd6 37. f5 Qf6 38. Qf4 Rf8 1/2-1/2

[Event "Stuttgarter Stadtmeisterschaft 2010 A"]
[Site "Ditzingen"]
[Date "2010.05.13"]
[Round "2.11"]
[White "Dobosz, Henryk"]
[Black "Wagner, Dennis"]
[Result "1-0"]
[WhiteElo "2375"]
[BlackElo "2112"]
[PlyCount "144"]
[EventDate "2010.??.??"]

1. c4 c5 2. Nf3 Nf6 3. e3 e6 4. Nc3 d5 5. d4 Nc6 6. a3 cxd4 7. exd4 Bd6 8. Bg5
Be7 9. Bd3 dxc4 10. Bxc4 Nd5 11. Bxd5 exd5 12. Bxe7 Qxe7+ 13. Qe2 Qxe2+ 14.
Kxe2 Bg4 15. Rhd1 O-O-O 16. Rd3 Rhe8+ 17. Kf1 Bxf3 18. Rxf3 Rd7 19. Rd1 Na5 20.
a4 Kc7 21. Rc1 Kb8 22. Rf5 Nb3 23. Rd1 Red8 24. Ke2 Kc7 25. Kd3 Na5 26. Rc1 Nc6
27. Na2 Kd6 28. b4 f6 29. b5 Ne7 30. Rf3 Rc8 31. Rxc8 Nxc8 32. Nc3 Ne7 33. Re3
Rd8 34. Re2 Nf5 35. g3 Rc8 36. Rc2 Re8 37. Re2 Rd8 38. Rc2 Ne7 39. Nd1 Nf5 40.
Ne3 Nxe3 41. fxe3 f5 42. a5 Rb8 43. Ke2 Re8 44. Kf3 g6 45. Rc3 Kd7 46. Kf4 h6
47. Rc5 Kd6 48. a6 Rb8 49. axb7 Rxb7 50. Rc6+ Kd7 51. Rxg6 Rxb5 52. Rxh6 a5 53.
Kxf5 Kc7 54. g4 Rb6 55. Rxb6 Kxb6 56. g5 a4 57. g6 a3 58. g7 a2 59. g8=Q a1=Q
60. Qb8+ Kc6 61. Qc8+ Kb6 62. Qc5+ Kb7 63. Qxd5+ Kc7 64. Qe5+ Kd7 65. Kf6 Qa6+
66. Kf7 Qa2+ 67. d5 Qf2+ 68. Qf4 Qc2 69. e4 Qd1 70. Qf5+ Kc7 71. h4 Qa4 72. h5
Kd8 1-0

[Event "Stuttgarter Stadtmeisterschaft 2010 A"]
[Site "Ditzingen"]
[Date "2010.05.13"]
[Round "2.12"]
[White "Vuckovic, Aleksandar"]
[Black "Ydo, Pim"]
[Result "1/2-1/2"]
[WhiteElo "2317"]
[BlackElo "2111"]
[PlyCount "64"]
[EventDate "2010.??.??"]

1. e4 c6 2. d4 d5 3. exd5 cxd5 4. c4 Nf6 5. Nc3 Nc6 6. Nf3 Bg4 7. c5 Bxf3 8.
gxf3 g6 9. Be3 Bg7 10. b4 a6 11. Rb1 O-O 12. f4 Qd7 13. Bg2 e6 14. O-O Qe7 15.
Qf3 Nd7 16. Rfd1 b6 17. Qe2 bxc5 18. bxc5 Rfb8 19. Rxb8+ Ndxb8 20. Qb2 Ra7 21.
Rb1 Nd7 22. Qd2 Qf6 23. Ne2 h5 24. Qd3 Qd8 25. Qa3 Qa8 26. Qa4 Rb7 27. Rb3 Rxb3
28. axb3 Qb7 29. Bf3 Ndb8 30. Kf1 Qb5 31. Ke1 Qd3 32. Kf1 Kh7 1/2-1/2

[Event "Stuttgarter Stadtmeisterschaft 2010 A"]
[Site "Ditzingen"]
[Date "2010.05.13"]
[Round "2.13"]
[White "Aerni, Andreas"]
[Black "Kabisch, Thilo"]
[Result "1/2-1/2"]
[WhiteElo "2111"]
[BlackElo "2311"]
[PlyCount "85"]
[EventDate "2010.??.??"]

1. e4 c5 2. Na3 Nc6 3. Bb5 Qc7 4. Nf3 Nf6 5. Bxc6 Qxc6 6. O-O Nxe4 7. d4 d6 8.
d5 Qa6 9. Re1 Nf6 10. c4 Bd7 11. Qd3 O-O-O 12. b4 cxb4 13. Nc2 e5 14. Nxb4 Qa4
15. Qc3 Kb8 16. Rb1 Rc8 17. Be3 a5 18. Na6+ Ka8 19. Qb2 b5 20. cxb5 Rc2 21.
Rbc1 Rxc1 22. Qxc1 Ne8 23. Qc3 Be7 24. Rc1 Qxb5 25. Nc7+ Nxc7 26. Qxc7 Qb7 27.
Qxa5+ Kb8 28. Rc3 Bd8 29. Qa3 Bb5 30. Qxd6+ Bc7 31. Qc5 Rd8 32. h3 Rxd5 33.
Qf8+ Qc8 34. Qxf7 Rd1+ 35. Kh2 Rd7 36. Qf5 Ba6 37. Nxe5 Rd5 38. Qxc8+ Bxc8 39.
f4 Bb7 40. Rc5 Bxe5 41. Rxd5 Bxd5 42. fxe5 Bxa2 43. Kg3 1/2-1/2

[Event "Stuttgarter Stadtmeisterschaft 2010 A"]
[Site "Ditzingen"]
[Date "2010.05.13"]
[Round "2.14"]
[White "Holzhäuer, Mathias"]
[Black "Sarchisov, Slavik"]
[Result "1-0"]
[WhiteElo "2284"]
[BlackElo "2102"]
[PlyCount "119"]
[EventDate "2010.??.??"]

1. e4 c5 2. Nc3 Nc6 3. Bb5 d6 4. Bxc6+ bxc6 5. f4 e6 6. Nf3 Be7 7. O-O c4 8.
Kh1 d5 9. b3 cxb3 10. axb3 Bb7 11. Qe2 Nf6 12. e5 Nd7 13. f5 O-O 14. fxe6 fxe6
15. d4 a5 16. Rd1 Ba6 17. Qf2 Rf5 18. Ne2 Qb6 19. Ng3 Rf7 20. Qe1 Bb5 21. Bg5
Bb4 22. Bd2 Bxd2 23. Qxd2 Nf8 24. Ng5 Rfa7 25. Nh5 h6 26. Nh3 a4 27. bxa4 Rxa4
28. Rab1 Rc4 29. Qf2 Qd8 30. Qg3 Qe7 31. Rb2 Ra7 32. N3f4 Qg5 33. Qe3 Qg4 34.
Re1 Raa4 35. c3 Ra3 36. Rc1 Kh8 37. h3 Qf5 38. Ng3 Qg5 39. Nge2 Qd8 40. Qg3 Qe8
41. Nd3 Qa8 42. Nc5 Ra1 43. Qe1 Ra7 44. Kh2 Qe8 45. Nf4 g5 46. Nfd3 Nd7 47. Rf2
Nxc5 48. Nxc5 Rf7 49. Rf6 Rxf6 50. exf6 Rxc5 51. Qe5 Qf7 52. dxc5 Kh7 53. Ra1
Qg6 54. Ra8 Bc4 55. Rc8 Bb5 56. g4 Bd3 57. Rxc6 Qf7 58. Rb6 Qa7 59. Qxe6 Qa2+
60. Kg3 1-0

[Event "Stuttgarter Stadtmeisterschaft 2010 A"]
[Site "Ditzingen"]
[Date "2010.05.13"]
[Round "2.15"]
[White "König, Dirk"]
[Black "Wiley, Tom E"]
[Result "0-1"]
[WhiteElo "2106"]
[BlackElo "2281"]
[PlyCount "58"]
[EventDate "2010.??.??"]

1. e4 c5 2. f4 d5 3. Nc3 e6 4. Nf3 Nf6 5. e5 Nfd7 6. d4 Nc6 7. Ne2 f6 8. c3 Qb6
9. g4 cxd4 10. cxd4 fxe5 11. fxe5 Bb4+ 12. Bd2 O-O 13. Bg2 Ndxe5 14. dxe5 Nxe5
15. Ned4 Nd3+ 16. Ke2 Qa6 17. Bxb4 Nxb2+ 18. Kd2 Qd3+ 19. Kc1 Nxd1 20. Rxd1
Qc4+ 21. Nc2 Bd7 22. Rd4 Qc7 23. Bxf8 Rxf8 24. Kb2 e5 25. Rxd5 Bc6 26. Nxe5 Rf2
27. Rad1 Rxc2+ 28. Ka1 Bxd5 29. Bxd5+ Kf8 0-1

[Event "Stuttgarter Stadtmeisterschaft 2010 A"]
[Site "Ditzingen"]
[Date "2010.05.13"]
[Round "2.16"]
[White "Latzke, Boris Alexander"]
[Black "Donchenko, Alexander"]
[Result "1-0"]
[WhiteElo "2264"]
[BlackElo "2094"]
[PlyCount "77"]
[EventDate "2010.??.??"]

1. d4 d5 2. c4 dxc4 3. e4 Nf6 4. e5 Nd5 5. Bxc4 Nb6 6. Bd3 Nc6 7. Ne2 Be6 8.
Nbc3 Qd7 9. Be4 O-O-O 10. Be3 Bc4 11. O-O e6 12. b3 Bxe2 13. Qxe2 Kb8 14. Qf3
Bb4 15. Rac1 Ba3 16. Bxc6 Qxc6 17. Qxc6 bxc6 18. Rc2 Nd5 19. Nb1 Be7 20. Rxc6
Kb7 21. Rc2 Nb4 22. Rc4 f6 23. exf6 gxf6 24. Nc3 Nd3 25. Na4 Rd5 26. Rc3 Nb4
27. a3 Nc6 28. Rfc1 Bxa3 29. Rxc6 Bxc1 30. Rxc1 Re8 31. Nc5+ Kc8 32. g3 Re7 33.
Ra1 Kb8 34. Ra4 e5 35. dxe5 fxe5 36. Rg4 Kc8 37. Rg8+ Rd8 38. Rxd8+ Kxd8 39.
Bg5 1-0

[Event "Stuttgarter Stadtmeisterschaft 2010 A"]
[Site "Ditzingen"]
[Date "2010.05.13"]
[Round "2.17"]
[White "Gustain, Marc"]
[Black "Dudek, Richard"]
[Result "0-1"]
[WhiteElo "2085"]
[BlackElo "2258"]
[PlyCount "92"]
[EventDate "2010.??.??"]

1. e4 c6 2. d4 d5 3. f3 g6 4. Nc3 Bg7 5. Be3 Nf6 6. Qd2 dxe4 7. Nxe4 Nbd7 8.
O-O-O O-O 9. Bh6 Bxh6 10. Qxh6 Qa5 11. Bc4 Qh5 12. Qe3 Nd5 13. Bxd5 Qxd5 14.
Nc3 Qd6 15. Nge2 Nb6 16. Ne4 Qe6 17. Qh6 f6 18. Kb1 Qf7 19. Nf4 g5 20. Nd3 Qg6
21. Qxg6+ hxg6 22. Nec5 Nd5 23. Rhe1 Kf7 24. c4 Nc7 25. Kc2 b6 26. Nb3 Bf5 27.
Kc3 Bxd3 28. Rxd3 Rfd8 29. Nd2 Rd7 30. Nf1 Ne6 31. Ne3 Rad8 32. Red1 Nf4 33.
R3d2 Rxd4 34. g3 Rxd2 35. Rxd2 Rxd2 36. Kxd2 Ne6 37. Kc3 Nc7 38. b4 e5 39. a4
Ke6 40. b5 Kd6 41. Kb4 a5+ 42. Kb3 cxb5 43. cxb5 Nd5 44. Nd1 Kc5 45. Nf2 Kd4
46. Ne4 g4 0-1

[Event "Stuttgarter Stadtmeisterschaft 2010 A"]
[Site "Ditzingen"]
[Date "2010.05.13"]
[Round "2.18"]
[White "Braun, Peter"]
[Black "Scherer, Holger"]
[Result "0-1"]
[WhiteElo "2228"]
[BlackElo "2082"]
[PlyCount "114"]
[EventDate "2010.??.??"]

1. d4 Nf6 2. Nf3 g6 3. c4 Bg7 4. g3 O-O 5. Bg2 d6 6. O-O Nbd7 7. Nc3 e5 8. e4
c6 9. h3 Qe7 10. Re1 Re8 11. Be3 Nf8 12. Qc2 Nh5 13. Rad1 h6 14. Kh2 g5 15. b4
Ng6 16. dxe5 dxe5 17. c5 Qf6 18. b5 Bf8 19. Nd2 Nhf4 20. Bf1 Ne6 21. Nb3 h5 22.
Be2 Ng7 23. a4 Be7 24. Na5 Qe6 25. Bf1 g4 26. Nc4 h4 27. Nd6 Rd8 28. bxc6 bxc6
29. Bc4 Qf6 30. Nxc8 Raxc8 31. hxg4 Ne6 32. Bxe6 Qxe6 33. Qe2 Kg7 34. Kg2 Rh8
35. Rh1 Qb3 36. Rd3 Qc4 37. Rc1 hxg3 38. fxg3 Rh7 39. Rdd1 Qb4 40. Qf3 Rch8 41.
Rh1 Qb2+ 42. Ne2 Rxh1 43. Rxh1 Rxh1 44. Kxh1 Qa1+ 45. Ng1 Qxa4 46. Qf5 Qb3 47.
Bf2 a5 48. Nf3 Qb2 49. Be3 a4 50. Qh5 Qb1+ 51. Kh2 Qxe4 52. Ng5 Qxe3 53. Qh7+
Kf6 54. Nxf7 Qd2+ 55. Kh3 Qd3 56. g5+ Ke6 57. Qg8 Qf5+ 0-1

[Event "Stuttgarter Stadtmeisterschaft 2010 A"]
[Site "Ditzingen"]
[Date "2010.05.13"]
[Round "2.19"]
[White "Braun, Georg"]
[Black "Szenetra, Werner"]
[Result "0-1"]
[WhiteElo "2074"]
[BlackElo "2201"]
[PlyCount "62"]
[EventDate "2010.??.??"]

1. e4 g6 2. d4 Bg7 3. Nc3 d6 4. Be3 a6 5. Qd2 Nd7 6. h4 Ngf6 7. f3 b5 8. g4 Bb7
9. Nge2 c5 10. Bh6 Bxh6 11. Qxh6 b4 12. Nd1 cxd4 13. Nxd4 Qb6 14. Qd2 Ne5 15.
Be2 Rc8 16. Ne3 a5 17. h5 Bxe4 18. fxe4 Nxe4 19. Qd1 O-O 20. Rf1 e6 21. Bf3 d5
22. Bxe4 dxe4 23. hxg6 hxg6 24. Qd2 Rfd8 25. O-O-O Nf3 26. Rxf3 exf3 27. Qh2 f2
28. Qe5 Qc5 29. Qf6 Rxd4 30. Rh1 f1=Q+ 31. Rxf1 Rd7 0-1

[Event "Stuttgarter Stadtmeisterschaft 2010 A"]
[Site "Ditzingen"]
[Date "2010.05.13"]
[Round "2.20"]
[White "Nabavi, Parwis"]
[Black "Seyfried, Claus"]
[Result "1-0"]
[WhiteElo "2194"]
[BlackElo "2067"]
[PlyCount "57"]
[EventDate "2010.??.??"]

1. d4 d5 2. c4 e6 3. Nc3 c6 4. g3 dxc4 5. Bg2 Nd7 6. Nf3 Ngf6 7. O-O Be7 8. Nd2
e5 9. Nxc4 exd4 10. Qxd4 O-O 11. Bf4 Nc5 12. Qe3 Be6 13. Rfd1 Nd5 14. Nxd5 cxd5
15. Rac1 Rc8 16. b4 Na6 17. a3 b6 18. Ne5 Rxc1 19. Qxc1 Bf6 20. e4 Bxe5 21.
Bxe5 f6 22. Bf4 d4 23. Qb2 d3 24. Qc3 g5 25. Rxd3 Qc8 26. Bd2 Nc7 27. e5 Qa6
28. exf6 Bf5 29. Qxc7 1-0

[Event "Stuttgarter Stadtmeisterschaft 2010 A"]
[Site "Ditzingen"]
[Date "2010.05.13"]
[Round "2.21"]
[White "Häcker, Sonja"]
[Black "Aring, Gerd"]
[Result "0-1"]
[WhiteElo "2064"]
[BlackElo "2190"]
[PlyCount "84"]
[EventDate "2010.??.??"]

1. e4 c5 2. Nc3 Nc6 3. g3 g6 4. Bg2 Bg7 5. d3 e6 6. Be3 d6 7. f4 Nge7 8. Nf3
O-O 9. O-O Nd4 10. e5 Nef5 11. Bf2 Nxf3+ 12. Qxf3 Nd4 13. Qd1 dxe5 14. fxe5
Bxe5 15. Ne4 f5 16. Nxc5 Qc7 17. b4 Nb5 18. d4 Bf6 19. Qd3 Nd6 20. c3 Rb8 21.
Rfe1 Re8 22. Rac1 b6 23. Nb3 Bb7 24. Nd2 Bxg2 25. Kxg2 Qc6+ 26. Kg1 b5 27. Be3
g5 28. Nb3 Rb7 29. Na5 Qd5 30. Nxb7 Qxb7 31. Qe2 Qd5 32. Rc2 Rc8 33. Bf2 Ne4
34. Rec1 Rc4 35. Be1 Kg7 36. Ra1 Bxd4+ 37. cxd4 Qxd4+ 38. Kg2 Qxa1 39. Bf2 Nxf2
40. Qxf2 Qd4 41. Qe2 Rxc2 42. Qxc2 Qe4+ 0-1

[Event "Stuttgarter Stadtmeisterschaft 2010 A"]
[Site "Ditzingen"]
[Date "2010.05.13"]
[Round "2.22"]
[White "Migl, Dieter"]
[Black "Petermann, Michail"]
[Result "0-1"]
[WhiteElo "2183"]
[BlackElo "2060"]
[PlyCount "56"]
[EventDate "2010.??.??"]

1. e4 e5 2. Nf3 Nc6 3. Bc4 Bc5 4. O-O Nf6 5. d4 Bxd4 6. Nxd4 Nxd4 7. f4 d6 8.
fxe5 dxe5 9. Bg5 Be6 10. Nd2 Qe7 11. Bxf6 gxf6 12. a3 Nc6 13. Qe2 O-O-O 14. Bb3
Rhg8 15. Rf2 Qc5 16. Nf1 Na5 17. Bxe6+ fxe6 18. Ne3 Qe7 19. Raf1 Rg6 20. Ng4
Rf8 21. Nxe5 Rg5 22. Qb5 Rfg8 23. Qxa5 Qg7 24. g4 Rxe5 25. Qxa7 Qxg4+ 26. Kh1
Qxe4+ 27. Rf3 Qxf3+ 28. Rxf3 Re1+ 0-1

[Event "Stuttgarter Stadtmeisterschaft 2010 A"]
[Site "Ditzingen"]
[Date "2010.05.13"]
[Round "2.23"]
[White "Mainik, Philipp"]
[Black "Schulte, Torsten"]
[Result "0-1"]
[WhiteElo "1716"]
[BlackElo "2164"]
[PlyCount "96"]
[EventDate "2010.??.??"]

1. e4 e5 2. Nf3 Nc6 3. Bb5 a6 4. Ba4 Nf6 5. O-O Nxe4 6. d4 b5 7. Bb3 d5 8. dxe5
Be6 9. c3 Be7 10. Be3 O-O 11. Nbd2 Nc5 12. Qe2 Bg4 13. h3 Bh5 14. Bd4 Ne6 15.
Qe3 Na5 16. Qe2 c5 17. Be3 d4 18. Bxe6 dxe3 19. Bxf7+ Rxf7 20. Qxe3 Qd5 21.
Rfe1 Raf8 22. Qe4 Qxe4 23. Rxe4 Rf4 24. Rae1 Bg6 25. Rxf4 Rxf4 26. b3 Rf8 27.
Re3 Rd8 28. Kf1 Rxd2 29. Nxd2 Bg5 30. Ke2 Bxe3 31. Kxe3 Kf7 32. Ne4 Bxe4 33.
Kxe4 g5 34. g3 c4 35. b4 Nc6 36. a3 Ke6 37. f4 gxf4 38. gxf4 Ne7 39. Kd4 Kf5
40. Kc5 Kxf4 41. Kb6 Nd5+ 42. Kxa6 Nxc3 43. e6 Nd5 44. Kxb5 c3 45. Kc6 Ke5 46.
Kd7 c2 47. b5 c1=Q 48. b6 Nxb6+ 0-1

[Event "Stuttgarter Stadtmeisterschaft 2010 A"]
[Site "Ditzingen"]
[Date "2010.05.13"]
[Round "2.24"]
[White "Weiler, Dieter"]
[Black "Geigle, Bruno"]
[Result "0-1"]
[WhiteElo "2202"]
[BlackElo "1981"]
[PlyCount "62"]
[EventDate "2010.??.??"]

1. d4 Nf6 2. Nf3 g6 3. c4 Bg7 4. e3 O-O 5. Be2 d6 6. Nc3 Nbd7 7. b3 e5 8. Bb2
Re8 9. Qc2 c6 10. O-O e4 11. Nd2 Qe7 12. b4 Nf8 13. c5 d5 14. b5 h5 15. bxc6
bxc6 16. Qa4 Bd7 17. Ba3 N8h7 18. Rab1 Ng4 19. Rb7 Qh4 20. Bxg4 hxg4 21. g3 Qd8
22. Rfb1 Ng5 23. Kf1 Nf3 24. Ke2 Bxd4 25. exd4 e3 26. fxe3 Rxe3+ 27. Kf2 Rxc3
28. Nxf3 gxf3 29. Bb4 Rc4 30. Re1 a5 31. Qd1 axb4 0-1